| 000 | 00777nam a2200193 a 4500 | ||
|---|---|---|---|
| 003 | 0 | ||
| 005 | 20250520073453.0 | ||
| 008 | 030519s19uu xx 00 eng d | ||
| 050 |
_aPHS LB 3060.83 _b.S27 2003 |
||
| 100 | _aSardool, Stefanie. | ||
| 245 |
_aThe Emotional, social and scholastic profiles of fourth year honor students of Southville International School and Benedictine Abbey / _cStefanie Sardool. |
||
| 260 |
_aLas PiƱas City, Philippines : _bSouthville International School and Colleges, _c2003. |
||
| 300 |
_a33 pages : _billustrations ; _c28 cm. |
||
| 504 | _aIncludes bibliographical references. | ||
| 650 |
_aAcademic achievement _xPsychological aspects. |
||
| 650 | _aEducational achievement. | ||
| 650 |
_aGifted students _xPsychology. |
||
| 942 |
_2lcc _cPASS |
||
| 999 |
_c96811 _d96811 |
||